Anales históricos de la revolución de la América Latina, acompañados de los documentos en su apoyo : (Record no. 38860)

MARC details
000 -LEADER
campo de control de longitud fija 01038nam a2200217 i 4500
001 - NÚMERO DE CONTROL
campo de control 38860
003 - IDENTIFICADOR DE NÚMERO DE CONTROL
campo de control ES-MaACL
005 - FECHA Y HORA DE LA ÚLTIMA TRANSACCIÓN
campo de control 20251115063231.0
007 - CAMPO FIJO DE DESCRIPCIÓN FÍSICA--INFORMACIÓN GENERAL
campo de control de longitud fija t|
008 - DATOS DE LONGITUD FIJA--INFORMACIÓN GENERAL
campo de control de longitud fija 030226s1864 fr ||||1| spa d
100 1# - ENTRADA PRINCIPAL--NOMBRE DE PERSONA
Nombre de persona Calvo, Carlos,
Fechas asociadas al nombre 1822-1906
9 (RLIN) 158157
245 10 - MENCIÓN DEL TÍTULO
Título Anales históricos de la revolución de la América Latina, acompañados de los documentos en su apoyo :
Resto del título desde el año 1808 hasta el reconocimiento de la independencia de ese extenso continente.
260 ## - PUBLICACIÓN, DISTRIBUCIÓN, ETC.
Lugar de publicación, distribución, etc. Paris :
Nombre del editor, distribuidor, etc. [s.n.],
Fecha de publicación, distribución, etc. 1864 (
Lugar de fabricación/manufactura Besanzon :
Fabricante J. Jacquin)
300 ## - DESCRIPCIÓN FÍSICA
Extensión 3 v. ;
Dimensiones 23 cm.
500 ## - NOTA GENERAL
Nota general "Esta obra sirve de segundo período a la "Colección histórica de los tratados de la América Latina" del mismo autor"--Verso de portada del v. 4.
530 ## - NOTA DISPONIBLE DE FORMULARIO FÍSICO ADICIONAL
Nota de formato físico adicional disponible Disponible en formato digital.
651 #4 - PUNTO DE ACCESO ADICIONAL DE MATERIA--NOMBRE GEOGRÁFICO
Nombre geográfico América española-
Subdivisión general Historia-
Subdivisión cronológica 1806-1830, Guerras de la Independencia.
9 (RLIN) 7726
852 ## - LOCALIZACIÓN
Ubicación ES-MaACL
Número de control de estantería F-14456-58
856 ## - LOCALIZACIÓN Y ACCESO ELECTRÓNICOS
Identificador Uniforme de Recursos <a href="http://bdh-rd.bne.es/viewer.vm?id=0000040105&page=1 ">http://bdh-rd.bne.es/viewer.vm?id=0000040105&page=1 </a>
Nota pública Biblioteca Digital Hispánica
Holdings
Estatus retirado Estado de pérdida Estado de daño No para préstamo Colección Biblioteca de origen Biblioteca actual Ubicación en estantería Fecha de adquisición Fuente de adquisición Total de préstamos Signatura topográfica completa Código de barras Visto por última vez Precio de reemplazo Tipo de ítem Koha
        Colección digital Biblioteca del Ateneo de Madrid Biblioteca del Ateneo de Madrid Sala Pecera Planta 2 17/01/2008     F-14456-58 1040920 23/02/2023 23/02/2023 Libro impreso antiguo